000
00303nam a2200133 4500
999
_c
11567
_d
11567
003
OSt
005
20230530160457.0
008
230530b ||||| |||| 00| 0 eng d
020
_a
9781857320985
100
_a
Mitchell Beazley
245
_a
Victorian style
260
_b
Mitchell beazley
942
_2
ddc